Personaggi Secondari Disney - Statistics

Statistiche generali
  • Questo quiz è stato fatto 160 volte
  • Il punteggio medio è 22 su 44
Statistiche sulle risposte
Hint Risposta % Corretto
Anfitrione, Megara, Filottete Hercules
84%
Flynn Ryder, Maximus, Pascal Rapunzel
83%
Lumière, Chicco, Principe Adam La Bella e la Bestia
82%
Kaa, Baghera, Re Luigi Il Libro della Giungla
77%
Pua, Nonna Tala, Te Fiti Oceania
76%
Grimilde, Gongolo, il Cacciatore Biancaneve e i Sette Nani
75%
Edgar, Lafayette, Guendalina Gli Aristogatti
74%
Sebastian, Scuttle, Max La Sirenetta
74%
Febo, Frollo, Laverne Il Gobbo di Notre Dame
72%
Tobia, Lucifero, Anastasia Cenerentola
69%
Zazu, Banzai, Sarabi Il Re Leone
68%
Cri-Cri, Chien Po, Khan Mulan
67%
Anacleto, Sir Pilade, Caio La Spada nella Roccia
66%
Oreste, Capitan Libeccio, Brucaliffo Alice nel Paese delle Meraviglie
65%
Stromboli, Lucignolo, Figaro Pinocchio
65%
Biagio, Whisky, Fido Lilli e il Vagabondo
63%
Timoteo, Jumbo, il Direttore Dumbo
62%
Abu, Iago, Raja Aladdin
60%
Filippo, Flora, Serenella La Bella Addormentata nel Bosco
60%
Pacha, Kronk, Chicha Le Follie dell'Imperatore
59%
Vanellope, Re Candito, Felix Ralph Spaccatutto
58%
Tamburino, Fiore, Faline Bambi
55%
Gaspare, Rolly, Anita La Carica dei 101
54%
Bruno, Luisa, Isabel Encanto
53%
Nonna Salice, Meeko, Flit Pocahontas
53%
Ray, Louis, Mama Odie La Principessa e il Ranocchio
52%
Sir Biss, Fra Tuck, Lady Cocca Robin Hood
51%
Tadashi Hamada, Baymax,Wasabi Big Hero 6
50%
Kristoff, Olaf, Hans Frozen- il Regno di Ghiaccio
50%
Agenore, Giglio Tigrato, Spugna Le Avventure di Peter Pan
40%
Morph, Scroop, Capitano Amelia Il Pianeta del Tesoro
28%
Terk, Tantor, Kerchak Tarzan
28%
Penny, Nerone, Madame Medusa Le Avventure di Bianca e Bernie
25%
Finnik, Flash, Capitano Bogo Zootropolis
25%
Sbuccia, Amos Slade, Vecchio Fiuto Red e Toby nemiciamici
21%
Nani, Pleakley, Cobra Bubbles Lilo & Stitch
20%
Buck, Lucky Jack, Mrs. Calloway Mucche alla Riscossa
20%
Sitcah, Fiocco, Denahi Koda, Fratello Orso
18%
Sisu, Boun, Tuk Tuk Raya e l'Ultimo Drago
17%
Alba Papera, Pesce Fuordacqua, Dina Volpefina Chicken Little
13%
Valentino, Simon, Dahlia Wish
11%
Audrey Rocio Ramirez, Mole, Cookie Atlantis- L'Impero Perduto
9%
Franny Robinson, Carl, Grufolo I Robinson- Una Famiglia Spaziale
8%
Mittens, Penny, Dottor Calico Bolt- Un Eroe a Quattro Zampe
2%
Nessun quiz corrispondente trovato
Distribuzione punteggi
Percentuale di utenti per punteggio
Percentile per numero di risposta
I tuoi punteggi nel tempo
Non hai fatto questo quiz